01372 a2200253 4500003000500000005001700005010001600022020001500038040000900053082001200062100003100074245005400105250004400159260004800203300004000251505056800291650002400859650002200883700002600905700002700931942002100958999001900979952012000998NUST20221202140608.0 a 74180104 a0521086280 cNust00a537,MCK1 aMcKenzie, A. E. E.910401912aA second course of electricity /cA.E.E. McKenzie brevised by J. Jenkins and W. H. Jarvis. aLondon,bCambridge University Press,c1957. axi, 317 p.:billus., ports.c23 cm. aThe Electric Current (Page-1), Electrical Measurements (Page-16), Magnetic Flux (Page-41), Magnetic Material (Page-76), Magnetic Moment . The Earth’s Magnetic Field (Page-98), Electrolysis (Page-120), Cells (Page-132), Qualitative Electrostatics (Page-146), Quantitative Electrostatics (Page-165), Electromagnetic Induction (Page-187), Absolute Measurement . Dimensions (Page-206), Alternating Current (Page-213), Thermoelectric, Photoelectric and Thermionic Effects (Page-228), Radio Transmission and Reception (Page-251), Atomic Physics (Page-272).  0aElectricity.939895 0aMagnetism.9398961 aJarvis, W. H.91040201 aJenkins, John,9104021 2ddccBKk537,MCK c184216d184216 00102ddc4070aMCSbMCScGENd2016-12-12o537,MCKpMCS5284r2016-12-08w2016-12-12yBKzAlmirah No.16, Shelf No.4